000 01401nam a2200241Ia 4500
003 Ost
005 20260507075154.0
008 260507s9999||||xx |||||||||||||| ||und||
020 _a5576169957
040 _cfsecg
041 _aara
082 _a330
100 _aرجيب، بيان يوسف
_eمؤلف
245 0 _aدور الحيازة في الرهن الحيازي :
_bدراسة موازنة بين التشريعات الوضعية و التشريعة الاسلامية /
_c بيان يوسف رجيب
260 _aعمان:
_bدار الثقافة,
_c2010
300 _a536 صفحة؛
_bإيضاحات ؛
_c24 سم
504 _aمراجع ص.517
520 _aماهية الزهن و ماهية الحيازة 1) دور الحيازة في نشوء الرهن و نفاذه : موقف التشريعات الوضعية و الفقه الاسلامي من الحيازة ، انتقال الحيازة أي الاقباض ، عناصر سيران الحيازة و أثر نفاذ الرهن في مواجهة الغير 2) أحكام الرهن الحيازي المرتبطة بالحيازة : التزامات الدائن المرتهن و حقوقه ، حقوق و التزامات الراهن المرتبطة بالحيازة
653 _aالرهن
653 _aالرهن الحيازي
653 _aالرهن العقاري الحيازي
942 _cكتاب
999 _c43360
_d43360